000 01796cam a22004934i 4500
003 PE-LiUPU
005 20250731165555.0
008 150625s r 000 0 d
020 _a84 7556 123 3
035 _a(Sirsi) i9788475561233
040 _aPE-LiUPU
_bspa
_cPE-LiUPU
_erda
049 _aPRUA
082 0 4 _a103d
_bN52
_221
110 2 _aGrupo Editorial Océano
245 1 0 _aNuevo diccionario de filosofía :
_bResumen histórico, los personajes, las ideas síntesis de los sistemas filosóficos, contiene ilustraciones, cuadros y citas /
_cGrupo Editorial Océano.
264 1 _aBarcelona :
_bOcéano Grupo Editorial,
_c2001.
300 _a238 páginas :
_bilustraciones, fotos ;
_c21 centímetros
336 _atext
_2rdacontent
337 _aunmediated
_2rdamedia
338 _avolume
_2rdacarrier
505 0 _aNuevo diccionario de filosofía.
526 _aSEG44
526 _aSEG26
526 _aP151
526 _aP150
526 _aP149
526 _aP146
526 _aP145
526 _aP126
526 _aP125
526 _aP92
526 _aP75
526 _aP74
526 _aP27
526 _aP15
650 0 4 _aFilosofía
_xDiccionarios.
910 _bnm
_caj
_d20040301
942 _2ddc
_cBOOK
949 _aRC 103D N52
_wDEWEY
_c1
_i53720
_lCCODEBUL1
_mBUL
_p15.00
_r0
_sY
_tBOOK
_u2015-6-25
_xTEOLOGIA
_zUNKNOWN
_0COMPRA
_o.CIRCNOTE. No olvidar cambiar la fecha de devolución!!!!!!!
_o.STAFF. Colección General
994 _aC0
_bPEPRU
596 _a1
999 _aRC 103D N52
_wDEWEY
_c43853
_i53720
_d43853
_f2021-11-8
_g6
_lRCG
_mBUL
_p15.00
_q1
_r1
_sY
_tBOOK
_u2015-6-25
_xBIBLIOTECA
_zUNKNOWN
_0COMPRA
_o.CIRCNOTE. No olvidar cambiar la fecha de devolución!!!!!!!
_o.STAFF. Colección General
980 _81
_gALBERTO SANCHEZ Responsable de Automatización